The battles of Barnet and Tewkesbury /

Bibliographic Details
Main Author: Hammond, P. W.
Format: Book
Language:English
Published: New York : St. Martin's Press, [1990]
Subjects:

MARC

Tag First Indicator Second Indicator Subfields
LEADER 00000cam a22000008a 4500
001 in00000917618
005 20150924165809.0
008 891012s1990 nyua b 00110 eng
010 |a  89024277  
020 |a 0312041284 
035 |a (OCoLC)20560341 
035 |9 AEP8629AM 
040 |a DLC  |c DLC  |d TXA  |d UtOrBLW 
043 |a e-uk---  |a e-uk-en 
049 |a TXAM [A13336475] 
050 0 0 |a DA258  |b .H36 1989 
050 4 |a DA258  |b .H36 1990 
082 0 |a 942.04/4  |2 20 
100 1 |a Hammond, P. W. 
245 1 4 |a The battles of Barnet and Tewkesbury /  |c P.W. Hammond. 
264 1 |a New York :  |b St. Martin's Press,  |c [1990] 
264 4 |c ©1990 
300 |a vii, 158 pages :  |b illustrations 
336 |a text  |b txt  |2 rdacontent 
337 |a unmediated  |b n  |2 rdamedia 
338 |a volume  |b nc  |2 rdacarrier 
504 |a Includes bibliographical references and index. 
651 0 |a Great Britain  |x History  |y Edward IV, 1461-1483. 
650 0 |a Barnet, Battle of, Barnet, London, England, 1471. 
650 0 |a Tewkesbury, Battle of, Tewkesbury, England, 1471. 
999 |a MARS 
999 f f |s c74d19d6-c2c0-3ff6-b3bb-6f7cdd7a83a6  |i a9d2986e-9106-355d-a494-4213644f832c  |t 0 
952 f f |p ric  |a Texas A&M University  |b Rellis Campus  |c Joint Library Facility  |d Remote Storage  |t 0  |e DA258 .H36 1990  |h Library of Congress classification  |i unmediated -- volume  |m A14813336475 
998 f f |a DA258 .H36 1990  |t 0  |l Remote Storage